00918cam a2200265 i 4500001000500000005001700005020001800022040002800040050002100068082000800089100003000097245006700127250004400194260003700238300003900275500004300314505000800357520013000365521002000495521002000515650003200535650002900567650002500596700003100621257520240108095016.0 a9780140389647 aDLCcDLCerdadDLCbeng00aPZ7.T21723b199800a8131 aTaylor, Mildred Deauthor14aThe friendship /cMildred D. Taylor ; pictures by Max Ginsburg aPrinted in the United States of America aNew York :bPenguin Books,c1987 a53 pages :billustrations ;c20 cm aFirst published in 1987 by Dial Books. aR  aFour children witness a confrontation between an elderly black man and a white storekeeper in rural Mississippi in the 1930s.1 a750 bLexile 1 aR bRaz-Plus  1aAfrican AmericansvFiction. 1aRace relationsvFiction. 1aPrejudicesvFiction.1 aGinsburg, Maxeillustrator